| 000 | 01319nam a2200241Ia 4500 | ||
|---|---|---|---|
| 999 |
_c38122 _d38122 |
||
| 001 | 4110 | ||
| 003 | GE_BSU | ||
| 005 | 20190924112233.0 | ||
| 008 | 181216s1975||||ge |||||||||||||| ||g || | ||
| 040 | _cGE_BSU | ||
| 041 | _ageo | ||
| 080 | _a398(479.223)+821.353.1 ს-24 | ||
| 245 |
_aსამხრეთ–დასავლეთ საქართველოს ზეპირსიტყვიერება : _bტ.2 / _cრედ მ. ჩიქოვანი. |
||
| 264 |
_aთბილისი : _bმეცნიერება, _c1975. |
||
| 300 |
_a94 გვ.; _b21 სმ. |
||
| 653 | _aზეპირსიტყვიერება | ||
| 700 |
_aჩიქოვანი, მ. _eრედაქტორი _94266 |
||
| 710 |
_aსაქართველოს სსრ მეცნიერებათა აკადემია _94267 |
||
| 710 |
_aბათუმის სამეცნიერო-კვლევითი ინსტიტუტი _94263 |
||
| 710 |
_aბათუმის ნ. ბერძენიშვილის სახელობის სამეცნიერო-კვლევითი ინსტიტუტი _94264 |
||
| 710 |
_a ნიკო ბერძენიშვილის ინსტიტუტი _94268 |
||
| 942 |
_cBK _2udc |
||